000 00637cam a2200217 4500
001 310780
003 OSt
005 20180116183023.0
008 730416s1972 enka 000 1 eng
010 _a 73159358
015 _aB***
040 _aDLC
_cDLC
_dDLC
050 0 0 _aPZ3.W5592
_bKao
_aPR6045.H127
082 0 0 _a813.54 WHE 1956
100 1 _aWheatley, Dennis,
_d1897-1977.
245 1 4 _aThe ka of Gifford Hillary.
_cOriginal illus. by Peter Whiteman.
260 _a[London]
_bDistributed by Heron Books
_c[c1972]
300 _a396 p.
_billus.
_c21 cm.
906 _a7
_bcbc
_corignew
_d2
_encip
_f19
_gy-gencatlg
942 _2ddc
_cBK
999 _c350670
_d350670